Länder mit den meisten außerehelichen Geburten in Europa - Statistiken

Allgemein
  • Dieses Quiz wurde 124 mal gespielt
  • Das Durchschnittsergebnis liegt bei 8 aus 10
Antwortstatistiken
Platz Land Anteil in % % Korrekt
7. Schweden 54,9
97%
5. Norwegen 56,2
95%
8. Dänemark 54
90%
10. Niederlande 50,4
88%
2. Frankreich 59,7
86%
1. Island 69,6
82%
6. Estland 56,1
78%
9. Portugal 52,8
74%
3. Bulgarien 58,6
65%
3. Slowenien 58,6
65%
Keine übereinstimmenden Quizze gefunden
Verteilung der Resultate
Anzahl Personen mit jedem Resultat
Perzentil nach korrekt beantworteten Fragen
Ihre Resultats-Entwicklung
Sie haben dieses Quiz noch nicht gespielt